Micosis cutáneas y viscerales / (Registro nro. 656)
[ vista simple ]
| 000 -LEADER | |
|---|---|
| fixed length control field | 00999 am a2200325 a 4500 |
| 005 - FECHA ULTIMA MODIFICACION | |
| control field | 20240510121023.0 |
| 008 - CAMPO DE CONTROL (LIBRO) | |
| fixed length control field | 100901s1994||||ag a f |||| 001 0 spa d |
| 020 ## - INTERNATIONAL STANDARD BOOK NUMBER | |
| ISBN | 9505051786 |
| 041 ## - CODIGO DE IDIOMA | |
| Código de idioma del texto/pista de sonido o título separado | spa |
| 092 ## - SIGNATURA TOPOGRAFICA DEWEY LOCAL | |
| número de clasificación | 616.5 |
| libristica | 55 |
| sección | NEG |
| 100 1# - ENTRADA PRINCIPAL--NOMBRE PERSONAL | |
| Nombre personal | Negroni, Pablo. |
| 9 (RLIN) | 1386 |
| 245 ## - TITULO PROPIAMENTE DICHO | |
| Título | Micosis cutáneas y viscerales / |
| Mención de responsabilidad y remanente de la transcripción de la portada | Pablo Negroni |
| 250 ## - MENCION DE EDICION | |
| Mención de edición | 9a ed. 2a reimp. |
| 260 ## - PIE DE IMPRENTA | |
| Lugar de publicación, distribución, etc | Buenos Aires: |
| Nombre de la editorial, distribuidor, etc | López Libreros; |
| Fecha de publicación | 1994. |
| 300 ## - DESCRIPCION FISICA | |
| Extension | 240 p. |
| 500 ## - NOTA GENERAL | |
| Nota general | Negroni, P. y Negroni, R. (1994). Micosis cutáneas y viscerales. (9a ed.). Buenos Aires : López Libreros. |
| 653 ## - TÉRMINO INDIZADO - PALABRAS CLAVES | |
| Palabra clave | Micología |
| 653 ## - TÉRMINO INDIZADO - PALABRAS CLAVES | |
| Palabra clave | Micosis superficiales |
| 653 ## - TÉRMINO INDIZADO - PALABRAS CLAVES | |
| Palabra clave | Micosis profundas |
| 653 ## - TÉRMINO INDIZADO - PALABRAS CLAVES | |
| Palabra clave | Apéndice A: glosario |
| 653 ## - TÉRMINO INDIZADO - PALABRAS CLAVES | |
| Palabra clave | Apéndice B: medios de cultivo |
| 653 ## - TÉRMINO INDIZADO - PALABRAS CLAVES | |
| Palabra clave | Apéndice C: soluciones y reactivos |
| 653 ## - TÉRMINO INDIZADO - PALABRAS CLAVES | |
| Palabra clave | Apéndice D: coloraciones |
| 653 ## - TÉRMINO INDIZADO - PALABRAS CLAVES | |
| Palabra clave | Apéndice E: inmunodifusión |
| 700 1# - ENTRADAS SECUNDARIAS - NOMBRE PERSONAL | |
| Nombre personal | Negroni, Ricardo. |
| 9 (RLIN) | 1387 |
| 930 ## - NUMERO DE INVENTARIO | |
| Número de inventario | 790 |
| 930 ## - NUMERO DE INVENTARIO | |
| Número de inventario | 791 |
| 930 ## - NUMERO DE INVENTARIO | |
| Número de inventario | 792 |
| 942 ## - ADDED ENTRY ELEMENTS (KOHA) | |
| Source of classification or shelving scheme | Dewey Decimal Classification |
| Item type | Libros |
| Estado de retiro | Existencia | Fuente de clasificación | Estado general | No para prestamo | Colección | Ubicación permanente | ubicación actual | Sala de ubicación | Fecha de adquisición | Total Checkouts | Número de clasificación | Código de barras | Date last seen | Número de ejemplar | Price effective from | Koha tipo de elemento (item) | Public note | Coded location qualifier | Total Renewals | Date last borrowed | Checked out |
|---|---|---|---|---|---|---|---|---|---|---|---|---|---|---|---|---|---|---|---|---|---|
| Dewey Decimal Classification | Reference | Biblioteca Medicina | Biblioteca Medicina | Referencia | 13/05/2011 | 616.5 55 NEG | 790 | 06/11/2014 | ej.1 | 02/09/2011 | Reference | LIBRO DE CONSULTA Hemeroteca 2022 | |||||||||
| Dewey Decimal Classification | Biblioteca Medicina | Biblioteca Medicina | Circulación | 13/05/2011 | 7 | 616.5 55 NEG | 791 | 06/11/2014 | ej.2 | 13/05/2011 | Libros | Hemeroteca 2022 | 1 | 09/10/2013 | |||||||
| Dewey Decimal Classification | Biblioteca Medicina | Biblioteca Medicina | Referencia | 13/05/2011 | 1 | 616.5 55 NEG | 792 | 18/08/2011 | ej.3 | 02/09/2011 | Libros | LIBRO DE CATEDRA | 11 | 18/08/2011 | 01/03/2029 | ||||||
| Dewey Decimal Classification | Biblioteca Medicina | Biblioteca Medicina | Circulación | 15/08/2011 | 5 | 616.5 55 NEG | 2423 | 06/11/2014 | ej.4 | 15/08/2011 | Libros | Hemeroteca 2022 | 1 | 20/10/2014 |